| 000 | 00590nam a22001937a 4500 | ||
|---|---|---|---|
| 003 | Ost | ||
| 005 | 20230605155049.0 | ||
| 008 | 230605b |||||||| |||| 00| 0 eng d | ||
| 020 | _a9780070495395 | ||
| 040 | _cBT-PhCST | ||
| 050 | _aD4508 | ||
| 082 |
_222 _a628.3 _bMET |
||
| 100 |
_aMetcalf & Eddy, Inc. _drevised by George Tchobanoglous, Franklin L. Burton, H. David Stensel. |
||
| 245 |
_aWastewater engineering : _btreatment and reuse / |
||
| 260 |
_aIndia : _bTata McGraw-Hill, _cc2003 |
||
| 300 |
_axxviii, 1819 p. : _bill. ; _c25 cm |
||
| 500 | _aIncludes index. | ||
| 942 |
_2ddc _cCIVIL |
||
| 999 |
_c9587 _d9587 |
||